Southville International School and Colleges
Your cart is empty.
  • Cart
  • Lists
    Public lists Eva Luna New books Lux_list list_1
    Your lists Log in to create your own lists
  • Log in to your account
  • Your cookies
  • Search history
Southville International School and Colleges
  • Advanced search
  • Recent comments
  • Most popular
  • Libraries

Log in to your account

Log in with GOOGLE


If you do not have an external account, but do have a local account, you can still log in:

  1. Home
  2. MARC view: Dolls :
Normal view MARC view ISBD view

Dolls : (Record no. 12069)

[ view plain ]
MARC details
000 -LEADER
fixed length control field 00520nam a22002057a 4500
003 - CONTROL NUMBER IDENTIFIER
control field PILC
005 - DATE AND TIME OF LATEST TRANSACTION
control field 20151020154249.0
008 - FIXED-LENGTH DATA ELEMENTS--GENERAL INFORMATION
fixed length control field 130320t xxu||||| |||| 00| 0 eng d
020 ## - INTERNATIONAL STANDARD BOOK NUMBER
International Standard Book Number 0516235303
050 ## - LIBRARY OF CONGRESS CALL NUMBER
Classification number NK 4893
Item number .H59 2000
082 ## - DEWEY DECIMAL CLASSIFICATION NUMBER
Classification number NK4893
Item number .H59 2000
100 ## - MAIN ENTRY--PERSONAL NAME
Personal name Hooks, Kristine
9 (RLIN) 21590
245 ## - TITLE STATEMENT
Title Dolls :
Statement of responsibility, etc Kristine Hooks
Remainder of title cool collectibles /
260 ## - PUBLICATION, DISTRIBUTION, ETC. (IMPRINT)
Place of publication, distribution, etc New York
Name of publisher, distributor, etc Children's Press
Date of publication, distribution, etc 2000.
300 ## - PHYSICAL DESCRIPTION
Extent 48 p.
Dimensions 22 cm
526 ## - STUDY PROGRAM INFORMATION NOTE
Reading level 860L-920L
562 ## - COPY AND VERSION IDENTIFICATION NOTE
Number of copies 1
942 ## - ADDED ENTRY ELEMENTS (KOHA)
Source of classification or shelving scheme Library of Congress Classification
Koha item type Books
Holdings
Withdrawn status Lost status Source of classification or shelving scheme Damaged status Home library Current library Shelving location Date acquired Total Checkouts Full call number Barcode Date last seen Copy number Price effective from Koha item type
    Library of Congress Classification   Luxembourg Library Luxembourg Library Grade School Section 09/25/2013   NK 4893 .H59 2000 14378 02/04/2015 1 09/25/2013 Books

Dolls :

APA

Hooks K., . (2000). Dolls. New York: Children's Press.

Chicago

Hooks Kristine, . 2000. Dolls. New York: Children's Press.

Harvard

Hooks K., . (2000). Dolls. New York: Children's Press.

MLA

Hooks Kristine, . Dolls. New York: Children's Press. 2000.

  • Place hold
  • Print
  • Cite
  • Add to your cart (remove)
  • Save record
    BIBTEX Dublin Core MARCXML MARC (non-Unicode/MARC-8) MARC (Unicode/UTF-8) MARC (Unicode/UTF-8, Standard) MODS (XML) RIS
  • More searches
    Search for this title in:
    Other Libraries (WorldCat) Other Databases (Google Scholar) Online Stores (Bookfinder.com) Open Library (openlibrary.org)

Exporting to Dublin Core...

SOUTHVILLE LIBRARY

Southville International School and Colleges Library

1281 Tropical Ave. Cor. Luxembourg St., BF Homes International, Las Pinas City

Tel. No. 8256374 / 252358 Loc. 117/146

Powered by Koha